Giáo dục kĩ năng sống ở Việt Nam

Đã lưu trong:
Sonraí Bibleagrafaíochta
Formáid: Leabhar
Teanga:Undetermined
Foilsithe: Hà Nội [Hà Nội]
Ábhair:
Clibeanna: Cuir Clib Leis
Gan Chlibeanna, Bí ar an gcéad duine leis an taifead seo a chlibeáil!
Thư viện lưu trữ: Trung tâm Học liệu Trường Đại học Cần Thơ
LEADER 00529nam a2200157Ia 4500
001 CTU_121904
008 210402s9999 xx 000 0 und d
082 |a 646.7 
082 |b Gi108 
245 0 |a Giáo dục kĩ năng sống ở Việt Nam 
245 0 |c Viện chiến lược và chương trình giáo dục - Bộ Giáo dục - Đào tạo 
260 |a Hà Nội 
260 |b [Hà Nội] 
650 |a Life skills 
904 |i Thủy 
980 |a Trung tâm Học liệu Trường Đại học Cần Thơ